The BP oil spill / (Record no. 431)

MARC details
000 -LEADER
fixed length control field 02281nam a22004577a 4500
001 - CONTROL NUMBER
control field 431
003 - CONTROL NUMBER IDENTIFIER
control field FISKH
005 - DATE AND TIME OF LATEST TRANSACTION
control field 20231211145432.0
008 - FIXED-LENGTH DATA ELEMENTS--GENERAL INFORMATION
fixed length control field 230420b cb ||||| |||| 00| 0 eng d
020 ## - INTERNATIONAL STANDARD BOOK NUMBER
International Standard Book Number 9780531289990
040 ## - CATALOGING SOURCE
Original cataloging agency DLC
Transcribing agency DLC
Modifying agency IG#
-- P@N
-- GPI
-- FN4
-- VHP
-- EHH
-- EINCP
-- DLC
-- FISKH
042 ## - AUTHENTICATION CODE
Authentication code lcac
-- pcc
043 ## - GEOGRAPHIC AREA CODE
Geographic area code nm-----
050 00 - LIBRARY OF CONGRESS CALL NUMBER
Classification number TD427.P4
Item number B45 2011
082 00 - DEWEY DECIMAL CLASSIFICATION NUMBER
Classification number 363.738/20916364
Edition number 22
100 1# - MAIN ENTRY--PERSONAL NAME
Personal name Benoit, Peter,
Dates associated with a name 1955-
245 14 - TITLE STATEMENT
Title The BP oil spill /
Statement of responsibility, etc. Peter Benoit.
260 ## - PUBLICATION, DISTRIBUTION, ETC.
Place of publication, distribution, etc. New York :
Name of publisher, distributor, etc. Children's Press,
Date of publication, distribution, etc. 2011.
300 ## - PHYSICAL DESCRIPTION
Extent 48 p. :
Other physical details col. ill., col. map ;
Dimensions 22 cm.
490 1# - SERIES STATEMENT
Series statement A true book
504 ## - BIBLIOGRAPHY, ETC. NOTE
Bibliography, etc. note Includes bibliographical references (p. 44) and index.
505 0# - FORMATTED CONTENTS NOTE
Formatted contents note U
505 0# - FORMATTED CONTENTS NOTE
Formatted contents note Trouble in the gulf : what happened to the Deepwater Horizon? -- Deep water disaster : what problems did the rig have before the explosion? -- From bad to worse : what caused the oil slick to spread? -- Cleanup : what was done to clean up the oil spill? -- After the spill : will the oil be with us forever? -- True statistics -- Important words.
520 ## - SUMMARY, ETC.
Summary, etc. Photographs, maps, time lines, and easy-to-follow text describe the events surrounding the 2010 British Petroleum oil spill in the Gulf of Mexico.
521 8# - TARGET AUDIENCE NOTE
Target audience note 950 <br/>
Source Lexile
521 8# - TARGET AUDIENCE NOTE
Target audience note U <br/>
Source Raz-Plus
610 20 - SUBJECT ADDED ENTRY--CORPORATE NAME
Corporate name or jurisdiction name as entry element BP (Firm)
Form subdivision Juvenile literature.
610 21 - SUBJECT ADDED ENTRY--CORPORATE NAME
Corporate name or jurisdiction name as entry element BP (Firm).
650 #0 - SUBJECT ADDED ENTRY--TOPICAL TERM
Topical term or geographic name entry element BP Deepwater Horizon Explosion and Oil Spill, 2010
Form subdivision Juvenile literature.
650 #0 - SUBJECT ADDED ENTRY--TOPICAL TERM
Topical term or geographic name entry element Oil spills
Geographic subdivision Mexico, Gulf of
General subdivision History
Chronological subdivision 21st century
Form subdivision Juvenile literature.
650 #0 - SUBJECT ADDED ENTRY--TOPICAL TERM
Topical term or geographic name entry element Oil spills
General subdivision Environmental aspects
Geographic subdivision Mexico, Gulf of
General subdivision History
Chronological subdivision 21st century
Form subdivision Juvenile literature.
650 #0 - SUBJECT ADDED ENTRY--TOPICAL TERM
Topical term or geographic name entry element Oil wells
Geographic subdivision Mexico, Gulf of
General subdivision Blowouts
-- History
Chronological subdivision 21st century
Form subdivision Juvenile literature.
650 #1 - SUBJECT ADDED ENTRY--TOPICAL TERM
Topical term or geographic name entry element BP Deepwater Horizon Explosion and Oil Spill, 2010.
650 #1 - SUBJECT ADDED ENTRY--TOPICAL TERM
Topical term or geographic name entry element Oil spills
Geographic subdivision Mexico, Gulf of
General subdivision History
Chronological subdivision 21st century.
650 #1 - SUBJECT ADDED ENTRY--TOPICAL TERM
Topical term or geographic name entry element Oil spills
General subdivision Environmental aspects
Geographic subdivision Mexico, Gulf of
General subdivision History
Chronological subdivision 21st century.
650 #1 - SUBJECT ADDED ENTRY--TOPICAL TERM
Topical term or geographic name entry element Oil wells
Geographic subdivision Mexico, Gulf of
General subdivision Blowouts
-- History
Chronological subdivision 21st century.
830 #0 - SERIES ADDED ENTRY--UNIFORM TITLE
Uniform title True book.
906 ## - LOCAL DATA ELEMENT F, LDF (RLIN)
a 7
b cbc
c orignew
d 1
e ecip
f 20
g y-gencatlg
942 ## - ADDED ENTRY ELEMENTS (KOHA)
Source of classification or shelving scheme Dewey Decimal Classification
Koha item type Books
Suppress in OPAC No
Holdings
Withdrawn status Lost status Source of classification or shelving scheme Damaged status Not for loan Collection Home library Current library Shelving location Date acquired Total Checkouts Full call number Barcode Date last seen Copy number Price effective from Koha item type
    Dewey Decimal Classification     Non-Fiction Footprints International School Library Network Toul Kork Campus Footprints International School Library Network Toul Kork Campus   04/20/2023   BEN 363.738 TD427.P4 FISTK04782 04/20/2023 1 04/20/2023 Books
    Dewey Decimal Classification     Non-Fiction Footprints International School Library Network Toul Kork Campus Footprints International School Library Network Toul Kork Campus TTP Secondary Non-Fiction Bookshelves 04/20/2023   BEN 363.738 TD427.P4 FISSE00805 11/28/2024 2 04/20/2023 Books